000 00527cam a2200181 4500
001 1954
005 20181127164300.0
008 860804s1987 ilua b 001 0 eng
010 _a 86020408
020 _a057419455X (pbk.)
100 1 _aHeyne, Paul T.
245 1 4 _aThe economic way of thinking /
_cPaul Heyne.
250 _a5th ed.
260 _aChicago :
_bScience Research Associates,
_cc1987.
300 _axii, 532 p. :
_bill. ;
_c24 cm.
504 _aIncludes bibliographical references and index.
650 0 _aEconomics.
999 _c1507
_d1507